00619nam a2200157Ia 4500003000900000008004100009020002600050020002700076040001600103100002000119245013200139260003200271300002000303490003400323856010400357IN-BaIIA211028s9999 xx s 000 0 eng d a9781510617537 (Print) a9781510617544 (Online) cIIA Library aZhu, Jigui, ed. 0a2017 International Conference on Optical Instruments and Technology: Optoelectronic Measurement Technology and Systemsh[eBook] aWashington, USAbSPIEc2018 aOnline resource aProceedings of SPIE; V. 10621 uhttps://www.spiedigitallibrary.org/conference-proceedings-of-spie/10621yClick Here to Access eBook